Statistics for Oldest and Most Populous Cities (Top 30)

Click here to take the quiz!

General Stats

  • This quiz has been taken 8 times
  • The average score is 14 of 30

Answer Stats

AgePopulationCity% Correct
7250 BC5,700,000Amman
100%
before 3000s BC21,500,000Cairo
100%
9000 BC3,900,000Damascus
100%
6000 BC15,500,000Tehran
100%
c. 4700 BC7,100,000Xi'an
100%
c. 2700 BC3,250,000Isfahan
83%
c. 3000 BC1,010,000Jerusalem
83%
2400s BC1,430,000Mosul
83%
5000 BC1,940,000Aleppo
67%
5200 BC2,125,000Bursa
67%
c. 6500 BC3,050,000İzmir
67%
c. 3300 BC1,500,000Yerevan
67%
3000s BC1,700,000Gaziantep
50%
2070 BC2,650,000Luoyang
50%
5000s BC1,300,000Sofia
50%
6000 BC1,750,000Adana
33%
2300 BC1,120,000Erbil
33%
3300 BC2,025,000Gaza
33%
3000 BC1,330,000Konya
33%
c. 3000 BC7,550,000Hong Kong
17%
c. 2300s BC1,050,000Kirkuk
17%
4800 BC3,325,000Ningbo
17%
c. 2500 BC5,400,000Wenzhou
17%
before 2070 BC5,100,000Zhengzhou
17%
4700 BC1,150,000Chifeng
0%
6500 BC1,730,000Handan
0%
2000s BC1,270,000Rizhao
0%
c. 4100 BC1,490,000Tai'an
0%
3500 BC1,580,000Xingtai
0%
2500 BC1,530,000Zhangjiakou
0%

Score Distribution

Percentile by Number Answered

Percent of People with Each Score

Your Score History

You have not taken this quiz